| LEADER 00000nam 2200000uu 4500 |
| 001 213080 |
| 003 ULIBM |
| 008 020711s2563 th a 000 0 tha d |
| 020 9786161143275
|
| 041 ^atha
|
| 060 4 WY 18 พ884ค 2563
|
| 100 เพ็ญจมาศ คำธนะ
|
| 245 คู่มือการใช้รูปแบบการจัดการศึกษาบูรณาการเชิงสร้างสรรค์เพื่อเสริมสร้างอัตลักษณ์บริการด้วยหัวใจความเป็นมนุษย์ของนักศึกษาพยาบาล วิทยาลัยพยาบาลบรมราชชนนี ราชบุรี/^cเพ็ญจมาศ คำธนะ, เยาวลักษณ์ มีบุญมาก, จิริยา อินทนา, กัลยา ศรีมหันต์, กรรณิการ์ กิจนพเกียรติ
|
| 250 พิมพ์ครั้งที่ 1
|
| 260 ราชบุรี :^bวิทยาลัยพยาบาลบรมราชชนนี ราชบุรี,^c2563
|
| 300 130 หน้า :^bภาพประกอบ ;^c26 ซม.
|
| 650 4 รูปแบบการจัดการศึกษา^xคู่มือ
|
| 650 4 ^aพยาบาล^xรูปแบบการจัดการศึกษา
|
| 650 4 ^aบริการด้วยหัวใจความเป็นมนุษย์
|
| 700 0 ^aเยาวลักษณ์ มีบุญมาก
|
| 700 0 ^aจิริยา อินทนา
|
| 700 0 ^aกัลยา ศรีมหันต์
|
| 700 0 ^aกรรณิการ์ กิจนพเกียรติ
|
| 710 2 ^aราชบุรี. วิทยาลัยพยาบาลบรมราชชนนี
|
| 999 ^aใช้งานได้ทุกระบบ
|